• 首页
  • 本馆介绍
  • 公告通知
  • 最新文献
  • 馆藏检索
  • 电子资源
  • 读者导购
  • 参考咨询
  • 我的图书馆
  • 登录
  • 详细信息显示
  • 放入我的书架
  • 预约/预借图书
  • 作者相关作品
  • 分类相关作品
  • 丛书相关作品
  • 出版社相关作品

书目信息

  • 表格格式
  • 工作单格式
  • 卡片格式
题名:
环境经济学概论
    
 
作者: 甘泽广 , 杨文汗 , 李平安 主编
分册:  
出版信息: 西安   西北工业大学出版社  1987
页数: 356页
开本: 21cm
丛书名:
单 册:
中图分类: F08:X
科图分类:
主题词: 环境经济学 , 经济学
电子资源:
ISBN: 7-5612-0027-7
000 00730nam0 2200265 45
001 0187017570
005 20040421103527.8
010    @a7-5612-0027-7@dCNY2.80
100    @a19900830d1987 em y0chiy0121 ea
101 0  @achi
102    @aCN@b610000
105    @ak z 000yy
106    @ar
200 10 @a环境经济学概论@Ahuan jing jing ji xue gai lun@f甘泽广等主编
210    @a西安@c西北工业大学出版社@d1987
215    @a356页@c表@d21cm
606    @a环境经济学
606 0  @a经济学
690    @aF08:X
701  0 @a甘泽广@Agan ze guang@4主编
701  0 @a杨文汗@Ayang wen han@4主编
701  0 @a李平安@Ali ping an@4主编
801  0 @aCN@b深圳图书馆@c20040421
801  2 @aCN@bNLC@c20040421
905    @f1@b250056@dF08:X@e3
    
    环境经济学概论/甘泽广等主编.-西安:西北工业大学出版社,1987
    356页:表;21cm
    
    
    ISBN 7-5612-0027-7:CNY2.80
    
●
相关链接 在E读中查询图书 在五车中查询图书 在当当中查询图书 在豆瓣中查询图书


正题名:环境经济学概论     索取号:F08:X/3         预约/预借

序号 登录号 条形码 馆藏地/架位号 状态 备注
1 0250056   000193070   第一借阅区/ [索取号:F08:X/3] 在馆    
2 0250057   000193089   第一样本阅览室/ [索取号:F08:X/3] 在馆    
唐山师范学院图书馆 欢迎您!
大连网信软件有限公司© 版权所有